| 000 | 00518nam a2200181Ia 4500 | ||
|---|---|---|---|
| 999 |
_c28891 _d28891 |
||
| 003 | OSt | ||
| 005 | 20210111145814.0 | ||
| 008 | 190216s9999||||xx |||||||||||||| ||und|| | ||
| 020 | _a9788188801957 | ||
| 040 | _coclc | ||
| 082 |
_a894.8128 _bBAS/K |
||
| 100 |
_aBasheer, M M _97277 |
||
| 245 | 0 |
_aKumaranaasaante Nottubukkukal / _cM M Basheer |
|
| 260 |
_bLipi Publications, _aKozhikode: _c2006. |
||
| 300 | _a168p | ||
| 650 | _aPadanam | ||
| 942 |
_cBK _2ddc _h894.8128 _iBAS/K _k894.8128 _mBAS/K |
||